Creating local development frameworks (Record no. 104335)

MARC details
000 -LEADER
fixed length control field 01576cam a2200229 4500
001 - CONTROL NUMBER
control field L130053
008 - FIXED-LENGTH DATA ELEMENTS--GENERAL INFORMATION
fixed length control field 050617n2004 000 0 eng u
035 ## - SYSTEM CONTROL NUMBER
System control number (Sirsi) u130053
041 ## - LANGUAGE CODE
Language code of text/sound track or separate title eng
050 ## - LIBRARY OF CONGRESS CALL NUMBER
Classification number 711.1
-- 18
110 ## - MAIN ENTRY--CORPORATE NAME
Corporate name or jurisdiction name as entry element United Kingdom
Subordinate unit Office of the Deputy Prime Minister
245 ## - TITLE STATEMENT
Title Creating local development frameworks
Remainder of title a companion guide to PPS12
260 ## - PUBLICATION, DISTRIBUTION, ETC.
Place of publication, distribution, etc. London
Name of publisher, distributor, etc. Office of the Deputy Prime Minister
Date of publication, distribution, etc. 2004
300 ## - PHYSICAL DESCRIPTION
Extent 143p.
Dimensions 30cm.
520 ## - SUMMARY, ETC.
Summary, etc. Local development frameworks is the non-statutory term for the portfolio of local development documents, which will comprise the spatial planning strategy for a local planning authority's area. These documents, introduced as a result of the Planning and Compulsory Purchase Act 2004 and the accompanying Regulations, will replace the existing system of local, structure and unitary development plans. This guide is intended to assist those involved in local development framework preparation, particularly local planning authorities. It is concerned with providing practical guidance on the preparation of local development documents. It replaces "Making plans - a practical guide: good practice in plan preparation and management of the development plan process" published in 2002.
650 ## - SUBJECT ADDED ENTRY--TOPICAL TERM
Topical term or geographic name entry element PLANNING POLICY STATEMENT 12
650 ## - SUBJECT ADDED ENTRY--TOPICAL TERM
Topical term or geographic name entry element PLANNING POLICY STATEMENT 11
650 ## - SUBJECT ADDED ENTRY--TOPICAL TERM
Topical term or geographic name entry element PLANNING POLICY STATEMENT ONE
650 ## - SUBJECT ADDED ENTRY--TOPICAL TERM
Topical term or geographic name entry element STATEMENTS OF COMMUNITY INVOLVEMENT
690 ## - LOCAL SUBJECT ADDED ENTRY--TOPICAL TERM (OCLC, RLIN)
Topical term or geographic name as entry element ENVIRONMENTAL AND LAND CONSULTANCY-PLANNING AND DEVELOPMENT-PLANNING GUIDANCE-LOCAL DEVELOPMENT PLANS
942 ## - ADDED ENTRY ELEMENTS (KOHA)
Suppress in OPAC 0
Holdings
Withdrawn status Lost status Source of classification or shelving scheme Damaged status Not for loan Home library Current library Shelving location Date acquired Total Checkouts Full call number Barcode Date last seen Date last checked out Copy number Price effective from Koha item type
    Dewey Decimal Classification     London London Folio 17/06/2005 3 F711.1 OFF 30070878 06/08/2019 29/11/2005 1 06/08/2019 Book